A módszerek agresszora

Bibliográfiai részletek
Szerző: Wedam Kristóf
További közreműködők: Sólyomfi Dr. Andrea Hanna
Dokumentumtípus: Projektmunka
Kulcsszavak:business marketing
gerillamarketing
kereskedelem
marketing
online marketing
Online Access:http://dolgozattar.uni-bge.hu/59674

MARC

LEADER 00000nnm a2200000 i 4500
001 dolg59674
005 20260409145412.0
008 260409suuuu hu o 000 hun d
040 |a BGE Dolgozattár Repozitórium  |b hun 
041 |a hu 
100 1 |a Wedam Kristóf 
245 1 2 |a A módszerek agresszora  |c Wedam Kristóf  |h [elektronikus dokumentum] 
516 |a Project_work 
520 3 |a A gerilla marketingről készített projektmunkám szerepel benne, amiben a gerilla marketing jelentőségét fejtem ki, megfogalmazom, hogy egy gerilla mit csinál másképpen mint egy hagyományos marketinges, a kreativitás és innováció hogyan tudja kiváltani a pénzt és hogy mi teszi agresszívvá ezt a módszert. Először az elméleti hátteret ismertetem, majd esettanulmányok által bizonyítom az információk hitelességét. Kutatásomat kielemzem és összefüggéseketkeresek az adott válaszok között, végül az összefoglalás részben konklúziót képzek és elmondom a saját meglátásaim a témáról. 
695 |a business marketing 
695 |a gerillamarketing 
695 |a kereskedelem 
695 |a marketing 
695 |a online marketing 
700 1 |a Sólyomfi Dr. Andrea Hanna  |e ths 
856 4 0 |u http://dolgozattar.uni-bge.hu/59674/1/projektmunka.pdf  |z Dokumentum-elérés 
856 4 0 |u http://dolgozattar.uni-bge.hu/59674/2/Wed%C3%A1m%20Krist%C3%B3f%20A%20m%C3%B3dszerek%20agresszora.pdf  |z Dokumentum-elérés